000 01045nam a2200217 a 4500
008 120416s1993 ||||||||||||||||| || u
020 _a0582091934
050 _aTJ 265 Eas
100 _aMcConkey, A. (Allan), 1927-
245 1 0 _aApplied thermodynamics: for engineering technologists. -- 5th ed.
_cT. D. eastop, A. McConkey
250 _a5th ed
260 _aHarlow, essex
_bLongman
_c1993
300 _axix, 715p. : ill
350 _a0.00
650 _aTHERMODYNAMICS
650 _aENGINEERING
700 _aEastop, T. D. (Thomas D.)
995 _aMAIN LIBRARY OPEN ACCESS
_D0.00
_e025564
_FCBU-MAIN LIBRARY (Kitwe)
_H1
_I25.00
_jTJ 265 Eas
_M1
_ULOST
_y025564
_ZMain Library Open Access Collection
995 _aMAIN LIBRARY OPEN ACCESS
_D0.00
_e742219
_FCBU-MAIN LIBRARY (Kitwe)
_H1
_I0.00
_jTJ 265 Eas
_M3
_UAVAILABLE
_WDec 9, 2010
_y742219
_ZMain Library Open Access Collection
995 _aMAIN LIBRARY OPEN ACCESS
_D0.00
_e734297
_FCBU-MAIN LIBRARY (Kitwe)
_H2
_I25.00
_jTJ 265 Eas
_M2
_UAVAILABLE
_WJun 12, 2006
_y46426
_ZMain Library Open Access Collection
999 _c84306
_d84306